Globalization in the 21st century : how inteconnected is the world?

Bibliographic Details
Corporate Author: Markaz al-Imārāt lil-Dirāsāt wa-al-Buḥūth al-Istirātījīyah
Format: Book
Language:English
Published: Abu Dhabi : Emirates Center for Strategic Studies and Research, 2008.
Subjects:

MARC

Tag First Indicator Second Indicator Subfields
LEADER 00000cam a2200000Ia 4500
001 in00002417521
005 20151110072638.0
008 081021s2008 ts ab b 101 0 eng d
020 |a 9789948009580 (hbk.) 
020 |a 9948009584 (hbk.) 
020 |a 9948009592 (pbk.) 
020 |a 9789948009597 (pbk.) 
035 |a (OCoLC)ocn267248916 
040 |a UKM  |c UKM  |d BWX  |d CDX  |d UtOrBLW 
049 |a TXAM 
050 0 |a JZ1318  |b .G6786 2008 
082 0 |a 327  |2 22 
245 0 0 |a Globalization in the 21st century :  |b how inteconnected is the world? 
246 3 |a Globalization in the twenty first century 
264 1 |a Abu Dhabi :  |b Emirates Center for Strategic Studies and Research,  |c 2008. 
300 |a xvi, 352 pages :  |b illustrations, map ;  |c 24 cm. 
336 |a text  |b txt  |2 rdacontent 
337 |a unmediated  |b n  |2 rdamedia 
338 |a volume  |b nc  |2 rdacarrier 
500 |a ... conference under the title "Globalization in the 21st century : how interconnected is the world?" in Abu Dhabi on April 23-25, 2007"--P. [4] of cover." 
504 |a Includes bibliographical references (pages 305-334) and index. 
650 0 |a Globalization  |v Congresses. 
650 0 |a National security  |v Congresses. 
650 0 |a Security, International  |v Congresses. 
650 0 |a World politics  |y 21st century  |v Congresses. 
710 2 |a Markaz al-Imārāt lil-Dirāsāt wa-al-Buḥūth al-Istirātījīyah. 
945 |a PromptCat  |b 637205 
946 |a stk 
947 |a A14837397859 
948 |a cataloged  |b h  |c 2009/3/6  |d c  |e dmitchel  |f 10:20:30 am 
994 |a C0  |b TXA 
999 |a MARS 
999 f f |s 97aa7d0a-60de-38c0-bcd6-c5ca4ea82c09  |i 511809f5-5ec0-31f4-8862-502156c097b7  |t 0 
952 f f |p ric  |a Texas A&M University  |b Rellis Campus  |c Joint Library Facility  |d Remote Storage  |t 0  |e JZ1318 .G6786 2008  |h Library of Congress classification  |i unmediated -- volume  |m A14837397859 
998 f f |a JZ1318 .G6786 2008  |t 0  |l Remote Storage